000
00186 a2200097 4500
001
15550
100
_a
Hailey, A
245
_a
Overload
260
_a
_b
Pan Book
_c
090
_c
12133
_d
12133
942
_a
NUST-CAE
_c
_c
2374
999
_c
250623
_d
250623